<?xml version="1.0" encoding="UTF-8"?>
<record
    xmlns:xsi="http://www.w3.org/2001/XMLSchema-instance"
    xsi:schemaLocation="http://www.loc.gov/MARC21/slim http://www.loc.gov/standards/marcxml/schema/MARC21slim.xsd"
    xmlns="http://www.loc.gov/MARC21/slim">

  <leader>00494nam a22001577a 4500</leader>
  <datafield tag="999" ind1=" " ind2=" ">
    <subfield code="c">7299</subfield>
    <subfield code="d">7299</subfield>
  </datafield>
  <controlfield tag="003">OSt</controlfield>
  <controlfield tag="005">20200615145857.0</controlfield>
  <controlfield tag="008">200615s2019    fr     |      000 0 spa d</controlfield>
  <datafield tag="020" ind1=" " ind2=" ">
    <subfield code="a">9788417678043</subfield>
  </datafield>
  <datafield tag="040" ind1=" " ind2=" ">
    <subfield code="a">ES-BaCBU</subfield>
    <subfield code="b">cat</subfield>
    <subfield code="c">CDMR</subfield>
  </datafield>
  <datafield tag="100" ind1="1" ind2=" ">
    <subfield code="a">Koestler, Arthur,</subfield>
    <subfield code="d">1905-1983</subfield>
  </datafield>
  <datafield tag="245" ind1="1" ind2="3">
    <subfield code="a">El &#xE1;rtico desde la ventana de un zepel&#xED;n</subfield>
    <subfield code="c">/ Arthur Koestler ; traducci&#xF3;n y ep&#xED;logo de Francisco Uzcanga Meinecke</subfield>
  </datafield>
  <datafield tag="260" ind1=" " ind2=" ">
    <subfield code="a">Madrid :</subfield>
    <subfield code="b">Libros del KO,</subfield>
    <subfield code="c">2019</subfield>
  </datafield>
  <datafield tag="300" ind1=" " ind2=" ">
    <subfield code="a">149 p. :</subfield>
    <subfield code="c">19 cm</subfield>
  </datafield>
  <datafield tag="942" ind1=" " ind2=" ">
    <subfield code="c">MON</subfield>
  </datafield>
  <datafield tag="952" ind1=" " ind2=" ">
    <subfield code="0">0</subfield>
    <subfield code="1">0</subfield>
    <subfield code="4">0</subfield>
    <subfield code="7">0</subfield>
    <subfield code="a">CDMR</subfield>
    <subfield code="b">CDMR</subfield>
    <subfield code="d">2020-06-15</subfield>
    <subfield code="e">Intercanvi</subfield>
    <subfield code="g">16.90</subfield>
    <subfield code="l">1</subfield>
    <subfield code="o">Dj /89</subfield>
    <subfield code="p">CDMR20060003</subfield>
    <subfield code="r">2020-09-15</subfield>
    <subfield code="s">2020-07-28</subfield>
    <subfield code="v">16.90</subfield>
    <subfield code="w">2020-06-15</subfield>
    <subfield code="y">MON</subfield>
  </datafield>
</record>
